[Event "Mercredi 2009.10.07 A-D"]
[Site "Montreal CAN"]
[Date "2009.10.14"]
[Round "2"]
[White "Lacroix, Serge"]
[Black "Dumont, Felix"]
[Result "0-1"]
[WhiteElo "1860"]
[BlackElo "1844"]
[PlyCount "110"]
[EventDate "2009.10.07"]
[EventType "tourn"]
[EventRounds "5"]
[EventCountry "CAN"]

1. d4 Nf6 2. c4 g6 3. Nc3 Bg7 4. e4 d6 5. Nf3 O-O 6. Be2 e5 7. O-O Nc6 8. dxe5
Nxe5 9. Nxe5 dxe5 10. Qxd8 Rxd8 11. Bg5 c6 12. Rfd1 Be6 13. b4 h6 14. Be3 Bf8
15. a3 Ng4 16. Rxd8 Rxd8 17. Bc1 f5 18. f3 Nf6 19. Be3 f4 20. Bxa7 Ra8 21. Bc5
Bxc5+ 22. bxc5 Nd7 23. g3 g5 24. h4 Nxc5 25. hxg5 hxg5 26. gxf4 gxf4 27. Kf2
Kf7 28. a4 Ke7 29. Rh1 Nxa4 30. Rh7+ Kd6 31. Nxa4 Rxa4 32. Rxb7 Bxc4 33. Bd1
Ra2+ 34. Ke1 Kc5 35. Rc7 Bb5 36. Bb3 Re2+ 37. Kd1 Re3 38. Bc2 Be2+ 39. Kd2 Bxf3
40. Re7 Kd6 41. Re8 Bxe4 42. Rd8+ Kc5 43. Ba4 Ra3 44. Bd1 f3 45. Re8 Kd4 46.
Rd8+ Bd5 47. Rf8 e4 48. Rf4 Ra2+ 49. Ke1 Ke3 50. Rh4 f2+ 51. Kf1 Bc4+ 52. Be2
Bxe2+ 53. Kg2 Bf3+ 54. Kg3 f1=N+ 55. Kh3 Rh2# 0-1

[Event "Mercredi 2009.10.07 A-D"]
[Site "Montreal CAN"]
[Date "2009.10.21"]
[Round "3"]
[White "Cvetkovic, Simeon"]
[Black "Lacroix, Serge"]
[Result "1-0"]
[WhiteElo "1831"]
[BlackElo "1860"]
[PlyCount "75"]
[EventDate "2009.10.07"]
[EventType "tourn"]
[EventRounds "5"]
[EventCountry "CAN"]

1. e4 e5 2. f4 exf4 3. Nf3 Be7 4. Bc4 Nf6 5. Nc3 O-O 6. O-O Nxe4 7. Nxe4 d5 8.
Bxd5 Qxd5 9. Nc3 Qa5 10. d4 Bg4 11. Bxf4 Nc6 12. Ne2 Rad8 13. c3 Bd6 14. Qd2
Rfe8 15. Ng3 Ne5 16. dxe5 Bxe5 17. Qc1 Bf6 18. Qc2 h5 19. h3 Be6 20. Rfe1 Bc4
21. Rxe8+ Rxe8 22. Ne4 Be7 23. Nd4 g6 24. b3 Bd5 25. c4 Bc5 26. Nf6+ Kh8 27.
Kh2 Bxd4 28. Nxe8 Bc6 29. Rd1 Be5 30. Qf2 Kh7 31. Rd8 Qc3 32. Bxe5 Qxe5+ 33.
Qg3 Qe2 34. Nf6+ Kg7 35. Nd5 Qe4 36. Qc3+ Kh6 37. Rh8+ Kg5 38. Qf6# 1-0

[Event "Mercredi 2009.10.07 A-D"]
[Site "Montreal CAN"]
[Date "2009.10.28"]
[Round "4"]
[White "Pilotte, Benoit"]
[Black "Lacroix, Serge"]
[Result "1-0"]
[WhiteElo "1805"]
[BlackElo "1860"]
[PlyCount "83"]
[EventDate "2009.10.07"]
[EventType "tourn"]
[EventRounds "5"]
[EventCountry "CAN"]

1. e4 e5 2. Nc3 Nf6 3. f4 d6 4. Nf3 Nc6 5. Bb5 Bg4 6. fxe5 dxe5 7. Bxc6+ bxc6
8. O-O Bc5+ 9. Kh1 Qe7 10. d3 Rb8 11. h3 Bh5 12. Qe1 h6 13. Qg3 Bxf3 14. Rxf3
g5 15. Rf5 Bd6 16. Qf2 Nh5 17. Qxa7 Kd7 18. Qf2 Nf4 19. g3 Nxh3 20. Qf1 Nf4 21.
gxf4 gxf4 22. Qh3 Kd8 23. Qh5 Rh7 24. a3 Kc8 25. b4 Kb7 26. Bd2 Rg8 27. Be1
Rhg7 28. Bf2 f6 29. b5 Rg5 30. bxc6+ Kxc6 31. Qf3 Qf7 32. Ne2 h5 33. Nxf4 Rxf5
34. exf5+ Kd7 35. Ng6 Re8 36. Qe4 Qh7 37. Rb1 Qh6 38. Be3 Qh7 39. Qa4+ c6 40.
Rb7+ Bc7 41. Rxc7+ Kxc7 42. Qa7+ 1-0

[Event "Mercredi 2009.10.07 A-D"]
[Site "Montreal CAN"]
[Date "2009.11.04"]
[Round "5"]
[White "Lacroix, Serge"]
[Black "Levkovsky, Alexandre"]
[Result "0-1"]
[WhiteElo "1860"]
[BlackElo "2211"]
[PlyCount "104"]
[EventDate "2009.10.07"]
[EventType "tourn"]
[EventRounds "5"]
[EventCountry "CAN"]

1. d4 d5 2. c4 dxc4 3. Nf3 a6 4. a4 Nc6 5. e4 Bg4 6. Bxc4 e6 7. Be3 Nf6 8. Nc3
Bb4 9. Qd3 O-O 10. O-O Bxf3 11. gxf3 Nh5 12. Ne2 Qf6 13. f4 Rad8 14. e5 Qh4 15.
Qe4 Rfe8 16. Rad1 Bf8 17. Ng3 g6 18. Be2 Ng7 19. Qf3 Nb4 20. Qg4 Qe7 21. Ne4
Nd5 22. Qg5 Nf5 23. Nf6+ Nxf6 24. exf6 Qb4 25. Qg2 c6 26. Qe4 Qxa4 27. b3 Qxb3
28. Rb1 Qa2 29. Bf3 Nd6 30. Qd3 Qa5 31. Bd2 Qf5 32. Qxf5 exf5 33. Bb4 Nb5 34.
Bxf8 Kxf8 35. d5 cxd5 36. Rbc1 Nd4 37. Bg2 Ne2+ 38. Kh1 Nxc1 39. Rxc1 Re6 40.
Bf3 Rxf6 41. Rc7 b6 42. Be2 b5 43. Rb7 Rc6 44. Kg2 d4 45. Bd1 d3 46. Bb3 Rc4
47. Kf3 d2 48. Ke2 Re4+ 49. Kd1 Re1+ 50. Kc2 d1=Q+ 51. Kb2 Qd4+ 52. Ka2 Qa1#
0-1

[Event "Montreal op"]
[Site "Montreal CAN"]
[Date "2009.09.12"]
[Round "2"]
[White "Hajiyev, Elshad"]
[Black "Lacroix, Serge"]
[Result "1-0"]
[WhiteElo "2086"]
[BlackElo "1860"]
[PlyCount "86"]
[EventDate "2009.09.11"]
[EventType "swiss"]
[EventRounds "5"]
[EventCountry "CAN"]

1. d4 Nf6 2. Nf3 e6 3. Bg5 h6 4. Bxf6 Qxf6 5. e4 g6 6. Bd3 d5 7. e5 Qe7 8. c3
b6 9. Nbd2 Bg7 10. Qe2 c5 11. Rc1 O-O 12. h4 a5 13. Nf1 Ba6 14. g4 Bxd3 15.
Qxd3 cxd4 16. cxd4 Qb4+ 17. Qd2 Na6 18. a3 Qxd2+ 19. Kxd2 f6 20. exf6 Rxf6 21.
Ke3 Raf8 22. N1d2 e5 23. dxe5 Rf4 24. Rc6 d4+ 25. Ke2 Nc5 26. Rxg6 Ne4 27. Nxd4
Rxf2+ 28. Ke3 Nxd2 29. Nf5 R2xf5 30. gxf5 Nc4+ 31. Ke4 Kh7 32. Rhg1 Bxe5 33. b3
Bh2 34. bxc4 Bxg1 35. Rxg1 Rc8 36. Kd4 Rc5 37. Rf1 Kg7 38. Rg1+ Kf7 39. Rg6
Rxf5 40. Rxh6 b5 41. c5 b4 42. axb4 axb4 43. c6 Kg7 1-0

[Event "Montreal op"]
[Site "Montreal CAN"]
[Date "2009.09.12"]
[Round "3"]
[White "Lacroix, Serge"]
[Black "Fareh, Youness"]
[Result "0-1"]
[WhiteElo "1860"]
[BlackElo "2140"]
[PlyCount "96"]
[EventDate "2009.09.11"]
[EventType "swiss"]
[EventRounds "5"]
[EventCountry "CAN"]

1. d4 Nf6 2. c4 c5 3. d5 b5 4. cxb5 a6 5. bxa6 Bxa6 6. Nc3 d6 7. e4 g6 8. Bxa6
Rxa6 9. Nf3 Bg7 10. O-O O-O 11. Re1 Nbd7 12. h3 Qc7 13. Bf4 Nh5 14. Bg5 Ne5 15.
a4 Rfa8 16. Qc2 Nxf3+ 17. gxf3 Bxc3 18. bxc3 f6 19. Be3 Qd7 20. Kg2 Rxa4 21.
Rxa4 Rxa4 22. Rb1 Qa7 23. Qb3 Kf7 24. Qb8 Qxb8 25. Rxb8 Ra3 26. Bd2 Ra2 27. Be3
Rc2 28. Rb3 f5 29. exf5 gxf5 30. Bg5 Nf6 31. Bxf6 Kxf6 32. c4 Rd2 33. f4 Rc2
34. Re3 Rxc4 35. Re6+ Kf7 36. Rh6 Kg7 37. Re6 Re4 38. Rxe4 fxe4 39. f3 exf3+
40. Kxf3 Kf6 41. Ke4 h6 42. Kd3 Kf5 43. Ke3 h5 44. h4 Kg4 45. Ke4 Kxh4 46. Kf5
Kg3 47. Ke6 Kxf4 48. Kxe7 Ke5 0-1

[Event "Mercredi 2009.09.02 A-D"]
[Site "Montreal CAN"]
[Date "2009.09.02"]
[Round "1"]
[White "Morin, Louis"]
[Black "Lacroix, Serge"]
[Result "0-1"]
[WhiteElo "1886"]
[BlackElo "1860"]
[PlyCount "120"]
[EventDate "2009.09.02"]
[EventType "tourn"]
[EventRounds "5"]
[EventCountry "CAN"]

1. e4 Nf6 2. Nc3 e5 3. Nf3 Nc6 4. Bb5 d6 5. d4 Bd7 6. Bg5 Be7 7. Qd3 Nb4 8. Qe2
c6 9. Ba4 h6 10. Bh4 g5 11. dxe5 gxh4 12. exd6 Bxd6 13. e5 Qe7 14. exd6 Qxe2+
15. Nxe2 h3 16. a3 hxg2 17. Rg1 Nbd5 18. Rxg2 Bg4 19. Nfd4 Kd7 20. O-O-O Rae8
21. f3 Bh5 22. Ng3 Bg6 23. Re2 Rxe2 24. Ndxe2 Re8 25. c4 Nb6 26. Bb3 Re3 27.
Nc3 Rxf3 28. c5 Nc8 29. Bc2 b6 30. Bxg6 fxg6 31. Na4 Nd5 32. Ne4 g5 33. Re1 Nf6
34. Nd2 Rf4 35. b3 bxc5 36. Nc4 Rf5 37. Ne5+ Kxd6 38. Nf7+ Kc7 39. Nxh6 Rf3 40.
Nf7 Rxb3 41. Nxg5 Rxa3 42. Nxc5 Rc3+ 43. Kb2 Rc4 44. Kb3 Rh4 45. h3 Rh5 46.
Nce6+ Kb6 47. Re5 Nd7 48. Re3 a5 49. Rd3 Rxg5 50. Nxg5 Nc5+ 51. Kc2 Nxd3 52.
Kxd3 Kb5 53. Ne6 c5 54. h4 Kb4 55. Nxc5 Kxc5 56. Kc3 Kd5 57. h5 Ke6 58. h6 Kf7
59. Kc4 Nb6+ 60. Kb5 a4 0-1

[Event "Mercredi 2009.09.02 A-D"]
[Site "Montreal CAN"]
[Date "2009.09.09"]
[Round "2"]
[White "Sarrazin-Gendron, Roman"]
[Black "Lacroix, Serge"]
[Result "1/2-1/2"]
[WhiteElo "1851"]
[BlackElo "1860"]
[PlyCount "113"]
[EventDate "2009.09.02"]
[EventType "tourn"]
[EventRounds "5"]
[EventCountry "CAN"]

1. e4 c6 2. d4 d5 3. e5 Bf5 4. h4 h5 5. Ne2 Qa5+ 6. Nd2 e6 7. Ng3 g6 8. Nxf5
exf5 9. c3 Nd7 10. Nb3 Qd8 11. c4 Bb4+ 12. Bd2 Bxd2+ 13. Qxd2 Ne7 14. O-O-O O-O
15. f3 dxc4 16. Bxc4 b5 17. Be2 a5 18. Qh6 a4 19. Na1 a3 20. b3 Qa5 21. Rd2 c5
22. g4 cxd4 23. gxh5 Qc3+ 24. Kb1 Nxe5 25. hxg6 fxg6 26. h5 Qe3 27. hxg6 Qxh6
28. Rxh6 Nd5 29. Nc2 Nc3+ 30. Ka1 Nxe2 31. Rxe2 d3 32. Rxe5 dxc2 33. Rh1 Rac8
34. Ree1 Rfd8 35. Rhg1 Kg7 36. Rh1 Kf6 37. Rc1 Ke5 38. Rce1+ Kf4 39. Rhg1 Kxf3
40. b4 f4 41. g7 Kf2 42. Rgf1+ Kg3 43. g8=Q+ Rxg8 44. Re3+ Kg2 45. Rf2+ Kxf2
46. Rf3+ Ke2 47. Re3+ Kd2 48. Rd3+ Ke1 49. Re3+ Kf1 50. Rf3+ Kg2 51. Rg3+ Kh1
52. Rh3+ Kg1 53. Rg3+ Kf1 54. Rf3+ Ke1 55. Re3+ Kd1 56. Rd3+ Kc1 57. Rd1+
1/2-1/2

[Event "Mercredi 2009.09.02 A-D"]
[Site "Montreal CAN"]
[Date "2009.09.16"]
[Round "3"]
[White "Lacroix, Serge"]
[Black "Luo, Zhao Yang"]
[Result "0-1"]
[WhiteElo "1860"]
[BlackElo "1898"]
[PlyCount "106"]
[EventDate "2009.09.02"]
[EventType "tourn"]
[EventRounds "5"]
[EventCountry "CAN"]

1. d4 Nf6 2. c4 g6 3. Nc3 Bg7 4. e4 d6 5. Nf3 O-O 6. Be3 e5 7. h3 Nc6 8. d5 Ne7
9. Bd3 Ne8 10. g4 f5 11. gxf5 gxf5 12. Qc2 f4 13. Bd2 Ng6 14. O-O-O Nh4 15. Be2
Nxf3 16. Bxf3 Qh4 17. Rh2 Rf6 18. Rg1 Rh6 19. Qd1 Bd7 20. Bg4 Rd8 21. Bxd7 Rxd7
22. Qa4 Nf6 23. Qxa7 b6 24. Qa8+ Kf7 25. Qc8 Rg6 26. Rxg6 hxg6 27. b4 Ke7 28.
c5 dxc5 29. bxc5 bxc5 30. a4 f3 31. Be3 Bh6 32. Qa6 Bxe3+ 33. fxe3 Qe1+ 34. Kc2
Rd6 35. Qa7 f2 36. Qxc7+ Nd7 37. Nb5 Qe2+ 38. Kb3 Qd3+ 39. Kb2 Qd2+ 40. Kb3
Qb4+ 41. Kc2 Qxa4+ 42. Kd2 Qb4+ 43. Kc2 Qxe4+ 44. Kb2 Qb4+ 45. Kc2 Qc4+ 46. Kd2
Rxd5+ 47. Nd4 f1=N+ 48. Ke1 Qc1+ 49. Kf2 Qxe3+ 50. Kxf1 Rxd4 51. Qa5 Rf4+ 52.
Kg2 Qf2+ 53. Kh1 Qf1# 0-1

[Event "Mercredi 2009.09.02 A-D"]
[Site "Montreal CAN"]
[Date "2009.09.23"]
[Round "4"]
[White "Levkovsky, Alexandre"]
[Black "Lacroix, Serge"]
[Result "1-0"]
[WhiteElo "2177"]
[BlackElo "1860"]
[PlyCount "69"]
[EventDate "2009.09.02"]
[EventType "tourn"]
[EventRounds "5"]
[EventCountry "CAN"]

1. e4 e5 2. Nf3 Nf6 3. Nc3 Nc6 4. Bb5 d6 5. d4 Bd7 6. Bxc6 Bxc6 7. d5 Bd7 8. h3
Be7 9. Be3 O-O 10. g4 c6 11. g5 Ne8 12. Qe2 Nc7 13. O-O-O b5 14. Nxe5 cxd5 15.
Nxd7 Qxd7 16. Nxd5 Nxd5 17. Rxd5 a6 18. f4 Rac8 19. f5 f6 20. g6 h6 21. Rhd1
Rfe8 22. Bf4 Rc4 23. R1d4 Rc6 24. Qd3 Rec8 25. Bxd6 Bxd6 26. Rxd6 Rxd6 27. Rxd6
Qc7 28. Qd5+ Kf8 29. c3 b4 30. Rd7 Qf4+ 31. Kc2 b3+ 32. axb3 Qf2+ 33. Kb1 Qe1+
34. Ka2 Rxc3 35. Qf7# 1-0

[Event "Mercredi 2009.09.02 A-D"]
[Site "Montreal CAN"]
[Date "2009.09.30"]
[Round "5"]
[White "Lacroix, Serge"]
[Black "Plante, Michel"]
[Result "0-1"]
[WhiteElo "1860"]
[BlackElo "2049"]
[PlyCount "74"]
[EventDate "2009.09.02"]
[EventType "tourn"]
[EventRounds "5"]
[EventCountry "CAN"]

1. d4 d5 2. c4 e6 3. Nf3 c6 4. Nc3 Nf6 5. e3 Nbd7 6. Bd3 dxc4 7. Bxc4 b5 8. Bb3
b4 9. Ne2 c5 10. O-O Bb7 11. Nf4 Bd6 12. dxc5 Nxc5 13. Ba4+ Nxa4 14. Qxa4+ Qd7
15. Qxd7+ Nxd7 16. Rd1 Bxf4 17. exf4 Bxf3 18. gxf3 Ke7 19. a3 b3 20. Be3 a5 21.
Rd3 a4 22. Rad1 Rhd8 23. Rd4 Nf6 24. Rc1 Rxd4 25. Bxd4 Nd5 26. Kf1 g6 27. Be3
Kd7 28. Rc4 Rc8 29. Rxc8 Kxc8 30. Ke2 Ne7 31. Kd3 Nf5 32. Kc4 Nh4 33. Kb4 Nxf3
34. h3 Ng1 35. h4 Nf3 36. h5 gxh5 37. f5 e5 0-1

[Event "Quebec op U2400"]
[Site "Montreal CAN"]
[Date "2009.07.18"]
[Round "1"]
[White "Lacroix, Serge"]
[Black "Zozulia, Anna"]
[Result "0-1"]
[WhiteElo "2062"]
[BlackElo "2341"]
[PlyCount "96"]
[EventDate "2009.07.18"]
[EventType "swiss"]
[EventRounds "9"]
[EventCountry "CAN"]

1. d4 g6 2. e4 Bg7 3. Nf3 d6 4. Nc3 c6 5. a4 Nf6 6. Bc4 O-O 7. O-O d5 8. Bb3
Nxe4 9. Nxe4 dxe4 10. Ng5 Qxd4 11. Qxd4 Bxd4 12. c3 Bg7 13. Nxe4 Nd7 14. Bg5 h6
15. Bh4 g5 16. Bg3 Ne5 17. Rad1 Bf5 18. Bxe5 Bxe5 19. Ng3 Bg6 20. Rfe1 Bxg3 21.
hxg3 e6 22. Rd7 Rfd8 23. Red1 Rxd7 24. Rxd7 Rb8 25. g4 Kf8 26. g3 Ke8 27. Rd4
Rd8 28. Rxd8+ Kxd8 29. f4 Kd7 30. Kf2 Kd6 31. Ke3 f6 32. Kd4 Be8 33. Bd1 Bd7
34. b4 b6 35. c4 c5+ 36. bxc5+ bxc5+ 37. Ke4 Bc6+ 38. Kd3 f5 39. fxg5 hxg5 40.
gxf5 exf5 41. Ke3 Ke5 42. Kd3 Be4+ 43. Kc3 g4 44. a5 f4 45. gxf4+ Kxf4 46. Bxg4
Kxg4 47. a6 Kf4 48. Kb3 Bc6 0-1

[Event "Quebec op U2400"]
[Site "Montreal CAN"]
[Date "2009.07.19"]
[Round "3"]
[White "Lacroix, Serge"]
[Black "Auger, Bertrand"]
[Result "1/2-1/2"]
[WhiteElo "2062"]
[BlackElo "1967"]
[PlyCount "88"]
[EventDate "2009.07.18"]
[EventType "swiss"]
[EventRounds "9"]
[EventCountry "CAN"]

1. d4 e6 2. e4 d5 3. Nc3 dxe4 4. Nxe4 Bd7 5. Nf3 Bc6 6. Bd3 Nd7 7. O-O Ngf6 8.
Nxf6+ Nxf6 9. Ne5 Be4 10. Bxe4 Nxe4 11. Qd3 Nd6 12. Nc4 Be7 13. Nxd6+ cxd6 14.
Bf4 d5 15. Qb5+ Qd7 16. Qxd7+ Kxd7 17. Be5 Rhc8 18. c3 g6 19. g4 b5 20. a3 Rc4
21. Rfe1 Rac8 22. Re3 g5 23. Rae1 a5 24. Rf3 f6 25. Bg3 b4 26. axb4 axb4 27.
Ra1 bxc3 28. Ra7+ Kd8 29. bxc3 Rxc3 30. Kg2 h6 31. h4 Ke8 32. hxg5 hxg5 33. Re3
Rxe3 34. fxe3 Rc6 35. Kf3 Bd6 36. Bxd6 Rxd6 37. Rh7 Rd7 38. Rh6 Rf7 39. Rh8+
Ke7 40. Ra8 f5 41. gxf5 exf5 42. Ra7+ Kf6 43. Ra6+ Ke7 44. Ra7+ Kf6 1/2-1/2

[Event "Quebec op U2400"]
[Site "Montreal CAN"]
[Date "2009.07.20"]
[Round "4"]
[White "Dumont, Felix"]
[Black "Lacroix, Serge"]
[Result "0-1"]
[WhiteElo "1786"]
[BlackElo "2062"]
[PlyCount "40"]
[EventDate "2009.07.18"]
[EventType "swiss"]
[EventRounds "9"]
[EventCountry "CAN"]

1. e4 c6 2. d4 d5 3. e5 Bf5 4. Nc3 e6 5. g4 Bg6 6. Nge2 Bb4 7. Nf4 Be4 8. Bg2
Bxg2 9. Nxg2 Ne7 10. Qd3 Nd7 11. Bd2 Bxc3 12. bxc3 h5 13. Qh3 Qc7 14. Bg5 c5
15. gxh5 cxd4 16. cxd4 Nf5 17. c3 Rxh5 18. Qxh5 Qxc3+ 19. Kf1 Qxa1+ 20. Ne1
Qxd4 0-1

[Event "Quebec op U2400"]
[Site "Montreal CAN"]
[Date "2009.07.22"]
[Round "6"]
[White "Berson, Jordan"]
[Black "Lacroix, Serge"]
[Result "1-0"]
[WhiteElo "1996"]
[BlackElo "2062"]
[PlyCount "59"]
[EventDate "2009.07.18"]
[EventType "swiss"]
[EventRounds "9"]
[EventCountry "CAN"]

1. d4 c6 2. c4 d5 3. Nf3 Nf6 4. Nc3 e6 5. e3 Bb4 6. Bd3 O-O 7. O-O Nbd7 8. Qc2
h6 9. Bd2 Qe7 10. Rae1 dxc4 11. Bxc4 e5 12. Nh4 Re8 13. Nf5 Qf8 14. a3 Nb6 15.
Nxh6+ gxh6 16. Qg6+ Qg7 17. Bxf7+ Kf8 18. Bxe8 Bxc3 19. Bxc3 Nxe8 20. Bb4+ Kg8
21. Qxe8+ Kh7 22. Qe7 Qxe7 23. Bxe7 e4 24. f3 Nd5 25. fxe4 Nxe7 26. Rf7+ Kg6
27. Rxe7 Bg4 28. h3 Bc8 29. Re8 b6 30. Rf1 1-0

[Event "Quebec op U2400"]
[Site "Montreal CAN"]
[Date "2009.07.23"]
[Round "7"]
[White "Lacroix, Serge"]
[Black "Luo, Zhao Yang"]
[Result "1-0"]
[WhiteElo "2062"]
[BlackElo "1824"]
[PlyCount "121"]
[EventDate "2009.07.18"]
[EventType "swiss"]
[EventRounds "9"]
[EventCountry "CAN"]

1. d4 Nf6 2. c4 g6 3. Nc3 Bg7 4. e4 d6 5. Nf3 O-O 6. h3 e5 7. d5 Nbd7 8. Be3
Nh5 9. Qd2 f5 10. Bh6 Ndf6 11. Bxg7 Nxg7 12. Bd3 fxe4 13. Nxe4 Nxe4 14. Bxe4
Bf5 15. Bxf5 Nxf5 16. O-O Qf6 17. Rfe1 Rae8 18. Re4 Rd8 19. Rae1 Rd7 20. b4 Re8
21. c5 Rde7 22. a4 a5 23. c6 bxc6 24. dxc6 axb4 25. Rxb4 e4 26. Qd5+ Qf7 27.
Qxf7+ Kxf7 28. Ng5+ Kg7 29. Rexe4 Rxe4 30. Nxe4 Ne7 31. Rb7 d5 32. Nc5 Rc8 33.
Ne6+ Kf6 34. Nxc7 d4 35. Kf1 Nxc6 36. Ke2 Ke5 37. Kd3 Nd8 38. Rb5+ Kd6 39. Nd5
Ne6 40. g3 Rf8 41. f4 Rf5 42. Kc4 d3 43. Rb6+ Kd7 44. Rb3 Rh5 45. h4 Kd6 46.
Rb6+ Kd7 47. Rb3 Kd6 48. Rxd3 Nc5 49. Rd1 Kc6 50. Nf6 Rf5 51. Nxh7 Nxa4 52. Rd8
Nb6+ 53. Kd4 Nd7 54. Rg8 Rd5+ 55. Ke3 Rd6 56. Nf8 Nxf8 57. Rxf8 Kd5 58. Re8 Kc4
59. Kf3 Rd5 60. Kg4 Kd4 61. Re6 1-0

[Event "Quebec-ch qual."]
[Site "Montreal CAN"]
[Date "2009.05.29"]
[Round "1"]
[White "Lacroix, Serge"]
[Black "Eddouri, Hmida"]
[Result "1-0"]
[WhiteElo "1831"]
[BlackElo "1506"]
[PlyCount "104"]
[EventDate "2009.05.29"]
[EventType "swiss"]
[EventRounds "5"]
[EventCountry "CAN"]

1. e4 e5 2. f4 exf4 3. Nf3 d6 4. d4 Nc6 5. Bxf4 Nf6 6. Nc3 Be7 7. Bc4 Bg4 8.
O-O O-O 9. Qd2 a6 10. a4 Nb4 11. e5 dxe5 12. Nxe5 Be6 13. Bxe6 fxe6 14. Rad1
Nbd5 15. Nxd5 exd5 16. Qe2 Ne4 17. Qg4 Rf6 18. Qd7 Qf8 19. Qxd5+ Kh8 20. Qxe4
Rd8 21. Be3 Bd6 22. Ng4 Re8 23. Rxf6 Rxe4 24. Rxf8+ Bxf8 25. Rf1 Bd6 26. Ne5
Rxe3 27. Nc4 Re8 28. Nxd6 cxd6 29. Rf7 b5 30. axb5 axb5 31. Rd7 h6 32. Rxd6 Rc8
33. c3 b4 34. cxb4 Rb8 35. Kf2 Rxb4 36. Ke3 Rxb2 37. Rg6 Kh7 38. Rg3 g5 39. Ke4
Kg6 40. Ke5 Re2+ 41. Kd6 h5 42. d5 Kf5 43. Kc7 Rc2+ 44. Kb6 h4 45. Rd3 Rxg2 46.
d6 Rxh2 47. d7 Rb2+ 48. Kc7 Rc2+ 49. Kd6 h3 50. d8=Q h2 51. Qf8+ Kg6 52. Qg8+
Kh5 1-0

[Event "FIDE Montreal"]
[Site "Montreal CAN"]
[Date "2007.11.11"]
[Round "1"]
[White "Pitre, Francois"]
[Black "Lacroix, Serge"]
[Result "1-0"]
[WhiteElo "1997"]
[BlackElo "1839"]
[PlyCount "41"]
[EventDate "2007.11.11"]
[EventType "tourn"]
[EventRounds "7"]
[EventCountry "CAN"]

1. d4 Nf6 2. Nf3 g6 3. c4 Bg7 4. Nc3 d5 5. Bf4 O-O 6. e3 dxc4 7. Bxc4 a6 8. a4
Nh5 9. Be5 Bxe5 10. Nxe5 Nf6 11. O-O Nbd7 12. Nxd7 Bxd7 13. a5 Bb5 14. b3 Bxc4
15. bxc4 b6 16. axb6 e5 17. f4 exf4 18. Rxf4 Nh5 19. Rf3 Qd6 20. g4 Nf6 21. g5
1-0

[Event "FIDE Montreal"]
[Site "Montreal CAN"]
[Date "2007.12.23"]
[Round "7"]
[White "Lacroix, Serge"]
[Black "Tessier, Olivier"]
[Result "0-1"]
[WhiteElo "1839"]
[BlackElo "2222"]
[PlyCount "66"]
[EventDate "2007.11.11"]
[EventType "tourn"]
[EventRounds "7"]
[EventCountry "CAN"]

1. e4 c5 2. d4 cxd4 3. c3 Nf6 4. e5 Nd5 5. cxd4 Nc6 6. Nf3 g6 7. Nc3 Nxc3 8.
bxc3 Bg7 9. Bc4 O-O 10. O-O d6 11. exd6 Qxd6 12. Be3 Bg4 13. h3 Bf5 14. Qd2
Rac8 15. Bd3 Bxd3 16. Qxd3 Rfd8 17. Rab1 b6 18. Bg5 h6 19. Bh4 f5 20. Rfe1 g5
21. Qc4+ Kh8 22. Bxg5 Nxd4 23. Qf7 Nxf3+ 24. gxf3 hxg5 25. Rxe7 Qf6 26. Qh5+
Qh6 27. Qf7 Rf8 28. Qd5 Qxh3 29. Rxa7 Rcd8 30. Qb7 Be5 31. Qe7 Bh2+ 32. Kh1
Bg3+ 33. Kg1 Qh2+ 0-1

[Event "Mercredi 2007.10.10"]
[Site "Montreal CAN"]
[Date "2007.10.10"]
[Round "1"]
[White "Lacroix, Serge"]
[Black "Dominique, Vladimir"]
[Result "0-1"]
[WhiteElo "1989"]
[BlackElo "1819"]
[PlyCount "40"]
[EventDate "2007.10.10"]
[EventType "tourn"]
[EventRounds "5"]
[EventCountry "CAN"]

1. d4 d5 2. c4 e6 3. a3 dxc4 4. Qa4+ Nc6 5. Nf3 Nf6 6. Nc3 Be7 7. Qxc4 O-O 8.
e4 Na5 9. Qa2 b6 10. b4 Nb7 11. Bf4 c5 12. dxc5 bxc5 13. b5 Qa5 14. Bd2 Qc7 15.
Be2 Na5 16. O-O Bb7 17. e5 Ne4 18. Nxe4 Bxe4 19. Bc3 Bd5 20. Nd2 Bxa2 0-1

[Event "Mercredi 2007.10.10"]
[Site "Montreal CAN"]
[Date "2007.10.17"]
[Round "2"]
[White "Tremblay, Sigfrid"]
[Black "Lacroix, Serge"]
[Result "1/2-1/2"]
[WhiteElo "1935"]
[BlackElo "1989"]
[PlyCount "73"]
[EventDate "2007.10.10"]
[EventType "tourn"]
[EventRounds "5"]
[EventCountry "CAN"]

1. e4 Nf6 2. e5 Nd5 3. Nc3 Nxc3 4. bxc3 d6 5. exd6 cxd6 6. d4 g6 7. Bd3 Bg7 8.
Be3 Qa5 9. Ne2 Bf5 10. Bxf5 Qxf5 11. O-O Nc6 12. Qd3 Qxd3 13. cxd3 O-O 14. Rab1
b6 15. c4 e5 16. d5 Ne7 17. f3 Nf5 18. Bd2 Bh6 19. Bxh6 Nxh6 20. g4 f5 21. h3
Nf7 22. Nc3 Rad8 23. a4 fxg4 24. fxg4 Ng5 25. Kg2 Rxf1 26. Rxf1 Kg7 27. h4 Nf7
28. Ne4 h6 29. Rf6 a6 30. Re6 b5 31. axb5 axb5 32. cxb5 Rb8 33. Nc3 Rc8 34. Ne4
Rb8 35. Nc3 Rc8 36. Ne4 Rb8 37. Nc3 1/2-1/2

[Event "Mercredi 2007.10.10"]
[Site "Montreal CAN"]
[Date "2007.10.24"]
[Round "3"]
[White "Lacroix, Serge"]
[Black "Katch, Gary"]
[Result "1-0"]
[WhiteElo "1989"]
[BlackElo "1848"]
[PlyCount "89"]
[EventDate "2007.10.10"]
[EventType "tourn"]
[EventRounds "5"]
[EventCountry "CAN"]

1. d4 d5 2. c4 e6 3. a3 Nf6 4. Nc3 dxc4 5. e3 c5 6. Bxc4 Nc6 7. Nf3 Be7 8. O-O
O-O 9. dxc5 Bxc5 10. b4 Be7 11. Bb2 a6 12. Qe2 b5 13. Rfd1 Qb6 14. Bd3 Bb7 15.
e4 g6 16. e5 Nh5 17. Bc1 Nd4 18. Nxd4 Qxd4 19. Bd2 Nf4 20. Bxf4 Qxf4 21. Be4
Bxe4 22. Qxe4 Qf5 23. Qxf5 gxf5 24. Rd7 Bg5 25. g3 Rac8 26. Ne2 Rc2 27. Nd4 Rd2
28. a4 Rc8 29. axb5 axb5 30. Raa7 Rd8 31. Rxf7 R2xd4 32. Rg7+ Kf8 33. Rxg5 R8d7
34. Ra6 Kf7 35. Rh5 Kg6 36. Rh4 Rxh4 37. Rxe6+ Kg5 38. gxh4+ Kf4 39. Kf1 h5 40.
Rd6 Re7 41. e6 Kg4 42. Ke2 Kxh4 43. Ke3 Kh3 44. Kf4 Kxh2 45. Kxf5 1-0

[Event "Mercredi 2007.10.10"]
[Site "Montreal CAN"]
[Date "2007.10.31"]
[Round "4"]
[White "Papineau (Montreal), Daniel"]
[Black "Lacroix, Serge"]
[Result "1/2-1/2"]
[WhiteElo "1854"]
[BlackElo "1989"]
[PlyCount "83"]
[EventDate "2007.10.10"]
[EventType "tourn"]
[EventRounds "5"]
[EventCountry "CAN"]

1. c4 e5 2. Nc3 Nf6 3. g3 Bb4 4. Bg2 O-O 5. Nf3 Re8 6. O-O Nc6 7. d3 Bxc3 8.
bxc3 d6 9. Rb1 Rb8 10. Nd2 Bg4 11. h3 Bd7 12. Kh2 b6 13. Ne4 Nxe4 14. Bxe4 Ne7
15. f4 Bc6 16. Bxc6 Nxc6 17. e4 exf4 18. Bxf4 Ne5 19. Qe2 Qd7 20. Qc2 Ng6 21.
Rb5 c5 22. Rb2 Nxf4 23. Rxf4 a6 24. Qd1 b5 25. Qb1 Rb7 26. a4 Reb8 27. axb5
axb5 28. cxb5 Rxb5 29. Rff2 Rxb2 30. Rxb2 Rxb2+ 31. Qxb2 h5 32. d4 cxd4 33.
cxd4 Qc7 34. Qe2 g6 35. Kg2 Qe7 36. d5 Qf6 37. Qc2 Kg7 38. Kh2 h4 39. Qg2 Qe5
40. Qf3 hxg3+ 41. Kg2 f6 42. Qg4 1/2-1/2

[Event "Mercredi 2007.10.10"]
[Site "Montreal CAN"]
[Date "2007.11.07"]
[Round "5"]
[White "Lacroix, Serge"]
[Black "Forget, Luc"]
[Result "0-1"]
[WhiteElo "1989"]
[BlackElo "1926"]
[PlyCount "65"]
[EventDate "2007.10.10"]
[EventType "tourn"]
[EventRounds "5"]
[EventCountry "CAN"]

1. e4 e5 2. f4 exf4 3. Nf3 g5 4. Bc4 d5 5. exd5 Bg7 6. Qe2+ Kf8 7. O-O h6 8.
Nc3 Nf6 9. b3 Bg4 10. Ba3+ Kg8 11. Rae1 Bf8 12. Be7 Bxf3 13. Bxd8 Bxe2 14. Rxe2
Bc5+ 15. Kh1 Nbd7 16. Bxc7 Kg7 17. g3 fxg3 18. Bxg3 Rhe8 19. Rfe1 a6 20. a4
Rxe2 21. Rxe2 Re8 22. Rxe8 Nxe8 23. Ne4 Bf8 24. Kg2 f5 25. Nc3 Bd6 26. Ne2 Kf6
27. d4 h5 28. h4 f4 29. hxg5+ Kxg5 30. Be1 Nef6 31. Kf3 h4 32. Ng1 Nb6 33. Nh3+
0-1